Studies in the History of Art
محفوظ في:
التنسيق: دورية
اللغة: Undetermined
منشور في:
JSTOR
National Gallery of Art
الموضوعات:
الوصول للمادة أونلاين: Login to view Source
الوسوم: إضافة وسم
لا توجد وسوم, كن أول من يضع وسما على هذه التسجيلة!
رقم الطلب:
| LEADER | 00475nas a2200157Ia 4500 | ||
|---|---|---|---|
| 008 | 220214c99999999xx |||||||||||| ||und|| | ||
| 022 | |a 0091-7338 | ||
| 245 | 0 | 0 | |a Studies in the History of Art |
| 264 | 1 | |b JSTOR | |
| 264 | 1 | |b National Gallery of Art | |
| 362 | 0 | |a Vol. 4(1971)-78 (2015) | |
| 653 | 1 | 0 | |a Arts |
| 856 | 4 | 0 | |u https://www.jstor.org/journal/studhistart |
| 942 | |c JL | ||
| 952 | |0 0 |1 0 |4 0 |7 1 |9 37375 |a JSR |b JSR |d 2022-02-14 |l 0 |r 2022-02-14 00:00:00 |w 2022-02-14 |y JL | ||
| 999 | |c 45706 |d 45706 | ||
